| 000 | 00448nam a22001577a 4500 | ||
|---|---|---|---|
| 003 | MPLRDC | ||
| 005 | 20220104144046.0 | ||
| 008 | 210129b ||||| |||| 00| 0 eng d | ||
| 082 | _a050.1 DZWZ v.3 1998 c.4 | ||
| 100 | _a冯强总编辑 | ||
| 245 |
_a读者文摘. 三月号98 _c |
||
| 260 |
_a _b读者文摘亚洲有限公司 _c1998 |
||
| 300 | _b平 | ||
| 650 | _a连续性出版品; 期刊--读者文摘 | ||
| 942 |
_cBK _o050.1 DZWZ v.3 1998 c.4 |
||
| 999 |
_c45986 _d45976 |
||